Vicetrack Trivia - Statistics

General Stats
  • This quiz has been taken 8 times
    7 since last reset
  • The average score is 10 of 14
Answer Stats
Question Answer % Correct
Bassist Jamie
100%
Vocalist/Guitar Christian
80%
More Songs Gone
80%
First released single Higher than you
80%
InVino
80%
Drummer Josh
80%
Previous Band Names Moosehead
80%
Skin
80%
In My Mind
60%
Judge, Jury and Executioner
60%
Piano Song
60%
Upon Your Volume
60%
Stop and Surrender
40%
Blind
20%
No matching quizzes found
Score Distribution
Percent of People with Each Score
Percentile by Number Answered
Your Score History
You have not taken this quiz since the last reset